000 01240nam a2200277 i 4500
001 15661
003 ES-MaACL
005 20230906151126.0
007 t|
008 000322s1989 sp ||||1| spa d
020 _a84-7719-094-1
080 _a811.111(063)
080 _a821.111.09(063)
080 _a821.111(73).09(063)
110 2 _aAsociación Española de Estudios Anglo-Norteamericanos.
_bCongreso (
_n11º.
_d1987.
_cLeón)
_91657
245 1 0 _aActas del XI Congreso AEDEAN
_b: Translation across cultures : la traducción entre el mundo hispánico y anglosajón: relaciones lingüísticas, culturales y literarias /
_cedición a cargo de J.C. Santoyo.
260 _aLeón :
_bUniversidad de León, Secretariado de Publicaciones,
_cD.L. 1989.
300 _a300 p. ;
_c22 cm.
650 1 4 _aFilología inglesa-
_vCongresos y asambleas.
_912799
650 4 _aLiteratura norteamericana-
_vCongresos y asambleas.
_914642
650 4 _aLengua inglesa-
_xTraducción al español-
_vCongresos y asambleas.
_914286
650 1 4 _aLengua española-
_xTraducción al inglés-
_vCongresos y asambleas.
_914191
700 1 _aSantoyo, Julio-César.
_9103544
710 2 _aUniversidad de León.
_97200
852 _aES-MaACL
_jL-23050
_bR.123757
999 _c15661
_d15661